Система контроля предельно-допустимого состояния синхронной машины, работающей в электрической сети; Современные техника и технологии; Т. 1

Podrobná bibliografie
Parent link:Современные техника и технологии: X Юбилейная международная научно-практическая конференция студентов, аспирантов и молодых ученых, посвященная 400-летию г. Томска, Томск, 29 марта - 2 апреля 2004 г./ Томский политехнический университет.— , 2004
Т. 1.— 2004.— С. 71-72
Hlavní autor: Шмойлов А. В. Анатолий Васильевич
Další autoři: Шумкин В. В.
Jazyk:ruština
Vydáno: 2004
Témata:
Médium: MixedMaterials Kapitola
KOHA link:https://koha.lib.tpu.ru/cgi-bin/koha/opac-detail.pl?biblionumber=183052

MARC

LEADER 00000naa2a2200000 4500
001 183052
005 20251205103652.0
035 |a (RuTPU)RU\TPU\book\198430 
090 |a 183052 
100 |a 20100630d2004 k y0rusy50 ca 
101 0 |a rus 
102 |a RU 
200 1 |a Система контроля предельно-допустимого состояния синхронной машины, работающей в электрической сети  |f А. В. Шмойлов, В. В. Шумкин 
461 1 |0 (RuTPU)RU\TPU\book\66154  |t Современные техника и технологии  |o X Юбилейная международная научно-практическая конференция студентов, аспирантов и молодых ученых, посвященная 400-летию г. Томска, Томск, 29 марта - 2 апреля 2004 г.  |o труды  |f Томский политехнический университет  |d 2004 
463 0 |0 (RuTPU)RU\TPU\book\65882  |t Т. 1  |v С. 71-72  |d 2004 
610 1 |a синхронные двигатели 
610 1 |a системы контроля 
610 1 |a предельно-напряженное состояние 
610 1 |a электрические сети 
610 1 |a предельные состояния 
610 1 |a труды учёных ТПУ 
700 1 |a Шмойлов  |b А. В.  |c специалист в области электроэнергетики  |c доцент Томского политехнического университета, кандидат технических наук  |f 1939-  |g Анатолий Васильевич  |3 (RuTPU)RU\TPU\pers\26025 
701 1 |a Шумкин  |b В. В. 
801 1 |a RU  |b 63413507  |c 20100630 
801 2 |a RU  |b 63413507  |c 20140329  |g RCR 
942 |c BK